00462nam a2200121Ia 4500008004100000245010500041260003100146260000900177300000900186650002600195650001200221856010700233170516s9999 xx 000 0 und d aMonte Carlo N Particle code - Dose distribution of clinical electron beams in inhomogeneous phantoms bJournal of Medical Physics c2013 a38:1 xRadiologic Technology xRadtech uhttp://www.jmp.org.in/showBackIssue.asp?issn=0971-6203;year=2013;volume=38;issue=1;month=January-March